Эстетика: В 2 ч. Ч. 1 пособие Ч. 1 Эстетика: В 2 ч. Ч. 1
Предлагаемое пособие по курсу эстетики представляет собой результат двенадцатилетнего опыта преподавания данной дисциплины для студентов самого разного рода специальностей. Автор сознательно избегает «персоналистского» принципа подачи материала, предпочитая излагать эстетические воззрения как органи...
Zapisane w:
| 1. autor: | |
|---|---|
| Format: | Книга |
| Język: | Russian |
| Wydane: |
Гродно
ГрГУ им. Янки Купалы
2018
|
| Dostęp online: | https://e.lanbook.com/book/226421 https://e.lanbook.com/img/cover/book/226421.jpg |
| Etykiety: |
Dodaj etykietę
Nie ma etykietki, Dołącz pierwszą etykiete!
|
| LEADER | 02004nam0a2200265 i 4500 | ||
|---|---|---|---|
| 001 | 226421 | ||
| 003 | RuSpLAN | ||
| 005 | 20221220174153.0 | ||
| 008 | 221220s2018 ru gs 000 0 rus | ||
| 020 | |a 978-985-582-177-0 | ||
| 040 | |a RuSpLAN | ||
| 041 | 0 | |a rus | |
| 044 | |a ru | ||
| 080 | |a 111.852(075) | ||
| 084 | |a К 87.8 |2 rubbk | ||
| 245 | 1 | |a Эстетика: В 2 ч. Ч. 1 |b пособие |c Шершеневич Н. С. |n Ч. 1 |p Эстетика: В 2 ч. Ч. 1 | |
| 260 | |a Гродно |b ГрГУ им. Янки Купалы |c 2018 | ||
| 300 | |a 75 с. | ||
| 504 | |a Библиогр.: доступна в карточке книги, на сайте ЭБС Лань | ||
| 520 | 8 | |a Предлагаемое пособие по курсу эстетики представляет собой результат двенадцатилетнего опыта преподавания данной дисциплины для студентов самого разного рода специальностей. Автор сознательно избегает «персоналистского» принципа подачи материала, предпочитая излагать эстетические воззрения как органическую часть ментальности, свойственной той или иной эпохе или тому или иному народу. Издание адресовано, в первую очередь, студентам факультета искусств и дизайна, а также может быть интересно широкому кругу читателей. | |
| 521 | 8 | |a Книга из коллекции ГрГУ им. Янки Купалы - Социально-гуманитарные науки | |
| 100 | 1 | |a Шершеневич Н. С. | |
| 856 | 4 | |u https://e.lanbook.com/book/226421 | |
| 856 | 4 | 8 | |u https://e.lanbook.com/img/cover/book/226421.jpg |
| 953 | |a https://e.lanbook.com/img/cover/book/226421.jpg | ||